000 00501nam a2200217Ia 4500
008 210210b1927 xxu||||| |||| 00| 0 eng d
041 _aeng
082 _a821/237
100 _aFOWLER (J H)
245 _aGolden treasury of modern lyrics book II
260 _aLondon
_bMacmillan & Co. Ltd.
_c1927
650 _atreasury
650 _aof
650 _amodern
650 _alyrics
650 _aII
650 _aGolden
650 _abook
690 _aEnglish Literature
906 _a011406
999 _c130082
_d130082